[Event "Thessaloniki Kalamaria op 2nd"]
[Site "Thessaloniki"]
[Date "2005.09.01"]
[Round "2"]
[White "Sirpas, Argiris"]
[Black "Amiridou, Froso"]
[Result "1-0"]
[WhiteElo "1420"]
[BlackElo "1005"]
[PlyCount "82"]
[EventDate "2005.08.31"]
[EventType "swiss"]
[EventRounds "6"]
[EventCountry "GRE"]
[SourceTitle "CBM 108 Extra"]
[Source "ChessBase"]
[SourceDate "2005.11.04"]
[SourceVersion "1"]
[SourceVersionDate "2005.11.04"]
[SourceQuality "1"]

1. c4 e5 2. Nc3 Nc6 3. Nf3 Nf6 4. g3 d6 5. Bg2 g6 6. 0-0 Bg7 7. b3 0-0 8. Bb2 Be6 9. d4 a6 10. d5 e4 11. Nd2 e3 12. Nde4 Nxe4 13. Bxe4 Bh3 14. Bg2 Bxg2 15. Kxg2 Ne5 16. f3 Re8 17. Qc2 c6 18. dxc6 bxc6 19. Rad1 Qf6 20. Ne4 Qf5 21. Rxd6 Red8 22. Rfd1 Rxd6 23. Rxd6 Bf8 24. Rd1 Bc5 25. Qc3 Ba7 26. Qxe5 Qxe5 27. Bxe5 Re8 28. Nf6+ Kf8 29. Nxe8 Kxe8 30. Bd4 Bxd4 31. Rxd4 c5 32. Re4+ Kf8 33. Rxe3 a5 34. f4 Kg7 35. Kf3 h5 36. Re5 Kh6 37. Rxc5 Kg7 38. Rxa5 Kf6 39. Rd5 Ke6 40. e4 f6 41. b4 Kf7 1-0